000 00632nam a2200253Ia 4500
003 OSt
005 20221007101418.0
006 a|||||r|||| 00| 0
007 ta
008 221006b |||||||| |||| 00| 0 eng d
024 _a6,410
037 _cTextual
040 _aLCO
_cLCO
_beng
041 _2eng
_aeng
082 _aYObZ, K9
100 _aAubert Vilhelm Ed.
245 0 _aSociology of Law
260 _aMiddlesex
_bPenguin Books U.K.
_c1969
300 _a367
500 _aSelected Readings
650 _aSOCIOLOGY
942 _hYObZ, K9
_cTEXL
999 _c1175973
_d1175973